<?xml version="1.0" encoding="UTF-8"?>
<record
    xmlns:xsi="http://www.w3.org/2001/XMLSchema-instance"
    xsi:schemaLocation="http://www.loc.gov/MARC21/slim http://www.loc.gov/standards/marcxml/schema/MARC21slim.xsd"
    xmlns="http://www.loc.gov/MARC21/slim">

  <leader>00894nam a2200241Ia 4500</leader>
  <controlfield tag="005">20250622124037.0</controlfield>
  <controlfield tag="008">250617s9999||||xx |||||||||||||| ||ara||</controlfield>
  <datafield tag="017" ind1=" " ind2=" ">
    <subfield code="a">14845</subfield>
    <subfield code="b">&#x645;&#x635;&#x631;. &#x62F;&#x627;&#x631; &#x627;&#x644;&#x643;&#x62A;&#x628;</subfield>
  </datafield>
  <datafield tag="020" ind1=" " ind2=" ">
    <subfield code="a">9789778812398</subfield>
  </datafield>
  <datafield tag="082" ind1="0" ind2="4">
    <subfield code="a">113</subfield>
    <subfield code="b">&#x631; &#x645;</subfield>
  </datafield>
  <datafield tag="100" ind1="0" ind2=" ">
    <subfield code="a">&#x631;&#x62D;&#x627;&#x628; &#x62C;&#x627;&#x62F;</subfield>
  </datafield>
  <datafield tag="245" ind1="1" ind2="0">
    <subfield code="a">&#x627;&#x644;&#x645;&#x636;&#x645;&#x648;&#x646; &#x627;&#x644;&#x641;&#x644;&#x633;&#x641;&#x649; &#x644;&#x646;&#x638;&#x631;&#x64A;&#x629; &#x627;&#x644;&#x643;&#x648;&#x627;&#x646;&#x62A;&#x645; /</subfield>
    <subfield code="c">&#x62A;&#x623;&#x644;&#x64A;&#x641; &#x631;&#x62D;&#x627;&#x628; &#x62C;&#x627;&#x62F; &#x61B; &#x62A;&#x642;&#x62F;&#x64A;&#x645; &#x639;&#x627;&#x62F;&#x644; &#x639;&#x628;&#x62F; &#x627;&#x644;&#x633;&#x645;&#x64A;&#x639; &#x639;&#x648;&#x636;</subfield>
  </datafield>
  <datafield tag="250" ind1=" " ind2=" ">
    <subfield code="a">&#x637;1</subfield>
  </datafield>
  <datafield tag="260" ind1="3" ind2=" ">
    <subfield code="a">&#x627;&#x644;&#x642;&#x627;&#x647;&#x631;&#x629; :</subfield>
    <subfield code="b">"&#x62F;&#x627;&#x631; &#x627;&#x644;&#x639;&#x644;&#x627; &#x644;&#x644;&#x646;&#x634;&#x631; &#x648;&#x627;&#x644;&#x62A;&#x648;&#x632;&#x64A;&#x639;,"</subfield>
    <subfield code="c">2025.</subfield>
  </datafield>
  <datafield tag="300" ind1=" " ind2=" ">
    <subfield code="a">274&#x635; &#x61B;</subfield>
    <subfield code="b"></subfield>
    <subfield code="c">24&#x633;&#x645;.</subfield>
  </datafield>
  <datafield tag="650" ind1=" " ind2=" ">
    <subfield code="a">"a</subfield>
    <subfield code=" ">&#x627;&#x644;&#x643;&#x648;&#x646;&#x64A;&#x627;&#x62A;, &#x639;&#x644;&#x645;"</subfield>
  </datafield>
  <datafield tag="650" ind1=" " ind2=" ">
    <subfield code="a">"a</subfield>
    <subfield code=" ">&#x627;&#x644;&#x648;&#x62C;&#x648;&#x62F;&#x60C; &#x639;&#x644;&#x645;"</subfield>
  </datafield>
  <datafield tag="650" ind1=" " ind2=" ">
    <subfield code="a">"a</subfield>
    <subfield code=" ">&#x645;&#x627; &#x648;&#x631;&#x627;&#x621; &#x627;&#x644;&#x637;&#x628;&#x64A;&#x639;&#x629;, &#x639;&#x644;&#x645;"</subfield>
  </datafield>
  <datafield tag="650" ind1=" " ind2=" ">
    <subfield code="a">&#x627;&#x644;&#x62D;&#x631;&#x643;&#x627;&#x62A; &#x627;&#x644;&#x641;&#x643;&#x631;&#x64A;&#x629;</subfield>
  </datafield>
  <datafield tag="700" ind1="0" ind2=" ">
    <subfield code="a">&#x639;&#x627;&#x62F;&#x644; &#x639;&#x628;&#x62F; &#x627;&#x644;&#x633;&#x645;&#x64A;&#x639; &#x639;&#x648;&#x636; </subfield>
    <subfield code="e"> &#x645;&#x642;&#x62F;&#x645;</subfield>
  </datafield>
  <datafield tag="942" ind1=" " ind2=" ">
    <subfield code="c">BK</subfield>
  </datafield>
  <datafield tag="999" ind1=" " ind2=" ">
    <subfield code="c">67677</subfield>
    <subfield code="d">67677</subfield>
  </datafield>
  <datafield tag="952" ind1=" " ind2=" ">
    <subfield code="0">0</subfield>
    <subfield code="1">0</subfield>
    <subfield code="4">0</subfield>
    <subfield code="7">0</subfield>
    <subfield code="a">CAI</subfield>
    <subfield code="b">CAI</subfield>
    <subfield code="c">MAIN-LIBRARY</subfield>
    <subfield code="d">2025-06-22</subfield>
    <subfield code="l">0</subfield>
    <subfield code="r">2025-06-22 12:40:37</subfield>
    <subfield code="w">2025-06-22</subfield>
    <subfield code="y">BK</subfield>
  </datafield>
</record>
